Digital Art

Na minha lista:
Detalhes bibliográficos
Autor principal: Christiane Paul
Formato: Livro
Publicado em: Norton
Assuntos:
Art
Tags: Adicionar Tag
Sem tags, seja o primeiro a adicionar uma tag!

MARC

LEADER 00000nam a2200000Ia 4500
005 20260427112723.0
526 |b Immersive Arts 
100 |a Christiane Paul 
020 |a 9781780240091 
650 |a Art 
526 |a Masters 
942 |c BK 
245 |a Digital Art 
260 |b Norton 
999 |c 112  |d 112 
952 |0 0  |1 0  |4 0  |7 0  |8 4  |a BRISTOL  |b BRISTOL  |d 2026-04-22  |l 0  |p 000124  |r 2026-04-27 11:27:24  |w 2026-04-27  |y BK